000 00570nam a22001697a 4500
003 OSt
005 20171010095449.0
008 120621t xxu||||| |||| 00| 0 eng d
040 _aMMSU
_cULS
100 _aRamos, Lesther Jooner M.
_910608
245 _aPotential of cornick wastewater as fertilizer
_cLesther Jooner M. Ramos
260 _c2007
300 _axiii, 51 leaves
_c28 cm.
500 _aThesis (BS Environmental Science) -- Mariano Marcos State University-College of Arts and Sciences, Batac City
504 _aBibliography: leaf 35
942 _2ddc
_cTHEDIS
999 _c9588
_d9588